Mildly Badly Drawn Countries Drawn From Memory #2 - Statistics

General Stats
  • This quiz has been taken 19 times
  • The average score is 11 of 16
Answer Stats
Picture Answer % Correct
France
100%
United States
100%
Turkey
89%
Algeria
84%
Portugal
84%
Iran
79%
Monaco
79%
Mongolia
79%
Sri Lanka
79%
Colombia
68%
Afghanistan
63%
Guatemala
58%
North Korea
58%
Ireland
42%
Botswana
37%
Kuwait
32%
No matching quizzes found
Score Distribution
Percent of People with Each Score
Percentile by Number Answered
Your Score History
You have not taken this quiz